000 01142nam a22002897a 4500
999 _c22435
_d22435
003 OSt
005 20220704093417.0
008 180228s2017 pe 000 0 spa
020 _a9786123175375
040 _cBiblioteca Municipal de Cusco
082 _a324.4/D98
_bD98
100 _aDurand, Francisco
_d1950-
_948165
245 _aLa captura del Estado en América Latina :
_breflexiones teóricas /
_cFrancisco Durand
250 _aPrimera edición, primera reimpresión.
260 _aLima :
_bPontificia Universidad Católica del Perú,
_c2020.
300 _a204 páginas. :
_c21 cm.
504 _aBibliografía: p. 187-204.
650 _aGrupos de presión
_vEnsayos, conferencias, etc.
_948166
650 _aCorporaciones
_xAspectos políticos
_zAmérica Latina
_948167
650 _aPoder corporativo
_zAmérica Latina
_948168
650 _aNegocios y política
_zAmérica Latina
_948169
650 _aCorrupción política
_zAmérica Latina
_948170
651 _aAmérica Latina
_xPolítica y gobierno
_948171
710 _aPontificia Universidad Católica del Perú
_9400
710 _aOxfam América
_948172
942 _2ddc
_cLIBROS